000 00520nam a2200181Ia 4500
999 _c32599
_d32599
003 OSt
005 20201014121000.0
008 190216s9999||||xx |||||||||||||| ||und||
020 _a9788126409853
040 _coclc
082 _a613.7
_bNAI/C
100 _a Nair, Yogacharya Govindan
_95714
245 0 _aComplete Yoga Book /
_cYogacharya Govindan Nair
260 _bCurrent Books,
_aKottayam:
_c2005.
300 _a291p
650 _aMalayalam
942 _cBK
_2ddc
_h613.7
_iNAI/C
_k613.7
_mNAI/C